| Tag |
First Indicator |
Second Indicator |
Subfields |
| LEADER |
00000cam a2200000Ia 4500 |
| 001 |
in00002484521 |
| 005 |
20211202191846.0 |
| 006 |
m d f |
| 008 |
090615s2006 mdua ob f001 0 eng d |
| 035 |
|
|
|a (OCoLC)ocn399848852
|
| 040 |
|
|
|a GPO
|c GPO
|d GPO
|d MvI
|d UtOrBLW
|
| 043 |
|
|
|a n-us---
|
| 049 |
|
|
|a WWW
|
| 074 |
|
|
|a 1062-C-08 (online)
|
| 086 |
0 |
|
|a Y 3.C 76/3:13/107
|
| 110 |
2 |
|
|a U.S. Consumer Product Safety Commission.
|
| 245 |
1 |
0 |
|a Publications listing /
|c US Consumer Product Safety Commission.
|
| 264 |
|
1 |
|a [Bethesda, Md.] :
|b Consumer Product Safety Commission,
|c [2006]
|
| 300 |
|
|
|a 1 electronic text :
|b HTML file.
|
| 336 |
|
|
|a text
|b txt
|2 rdacontent
|
| 337 |
|
|
|a computer
|b c
|2 rdamedia
|
| 338 |
|
|
|a online resource
|b cr
|2 rdacarrier
|
| 538 |
|
|
|a Mode of access: Internet from the CPSC web site. Address as of 6/15/09: http://www.cpsc.gov/CPSCPUB/PUBS/107.html ; current access is available via PURL.
|
| 500 |
|
|
|a Title from HTML index page (viewed on June 15, 2009).
|
| 500 |
|
|
|a "Item #107."
|
| 500 |
|
|
|a "0406."
|
| 500 |
|
|
|a Electronic resource.
|
| 610 |
2 |
0 |
|a U.S. Consumer Product Safety Commission
|v Bibliography.
|
| 776 |
0 |
8 |
|i Print version:
|a U.S. Consumer Product Safety Commission.
|t Publications listing.
|h [5] p.
|w (OCoLC)660034096
|
| 710 |
2 |
|
|a U.S. Consumer Product Safety Commission.
|
| 856 |
4 |
0 |
|u https://purl.fdlp.gov/GPO/LPS113742
|t 0
|
| 999 |
|
|
|a MARS
|
| 999 |
f |
f |
|s db12a98f-a304-3735-be58-79ef9eef192f
|i bef9abe9-383d-3115-92a1-e805a7bcf1e8
|t 0
|
| 952 |
f |
f |
|a Texas A&M University
|b College Station
|c Electronic Resources
|d Available Online
|t 0
|e Y 3.C 76/3:13/107
|h Superintendent of Documents classification
|
| 998 |
f |
f |
|a Y 3.C 76/3:13/107
|t 0
|l Available Online
|